Cute Animal Photobombs Quiz Stats

 Plays Quiz Updated Sep 21, 2018

Score 0/15 Timer 05:00
4 Plays Today
% Correct
Seal
99.4%
Horse
98.5%
Turtle
97.6%
Cat
97%
Giraffe
97%
Duck
96.1%
Dog
95.9%
Fish
94.9%
% Correct
Squirrel
93.3%
Llama
92.3%
Stingray
89.8%
Emu
88.1%
Beluga Whale
79.1%
Sloth
78.9%
Quokka
30.3%

You're not logged in!

Compare scores with friends on all Sporcle quizzes.
Join for Free
OR
Log In

You Might Also Like...

Show Comments

Extras

Top Quizzes Today


Score Distribution

Your Account Isn't Verified!

In order to create a playlist on Sporcle, you need to verify the email address you used during registration. Go to your Sporcle Settings to finish the process.

Report this User

Report this user for behavior that violates our Community Guidelines.

Details: